000 00307nam a2200133Ia 4500
008 191201s2004 xx 000 0 und d
082 _a005.8
_bFAN
100 _aFADIA, Ankit
245 0 _aNetwork Security
260 _aN.Delhi
_bMacmillan
_c2004
300 _a219
650 _aB.Tech(IT)
942 _2ddc
_cBK
999 _c3069
_d3069